[Event "39th TCh-GRE"]
[Site "Eretria GRE"]
[Date "2011.07.07"]
[Round "6.2"]
[White "Zawadzka, Jolanta"]
[Black "Botsari, Anna-Maria"]
[Result "1/2-1/2"]
[WhiteTitle "WGM"]
[BlackTitle "WGM"]
[WhiteElo "2405"]
[BlackElo "2326"]
[WhiteTeam "ES Thessaloniki"]
[BlackTeam "CC Kavala"]
[WhiteFideId "1122320"]
[BlackFideId "4200446"]
[EventDate "2011.07.03"]

1. e4 c5 2. Nf3 e6 3. d4 cxd4 4. Nxd4 Nc6 5. Nc3 Qc7 6. Be2 a6 7. O-O Nf6 8. Be3
Bb4 9. Na4 Be7 10. Nxc6 bxc6 11. Nb6 Rb8 12. Nxc8 Qxc8 13. Bd4 Qc7 14. e5 Nd5
15. c4 Nf4 16. g3 c5 17. Bc3 Nh3+ 18. Kg2 Ng5 19. Qd3 Qb7+ 20. f3 f5 21. Rad1
Nf7 22. h4 h5 23. Kf2 Rd8 24. Qe3 Nh6 25. Rd3 O-O 26. f4 Ng4+ 27. Bxg4 hxg4 28.
Rfd1 Rf7 29. Kg1 Bf8 30. R1d2 Qc6 31. Qe2 Rb8 32. Qg2 Qc8 33. Ba5 Rb7 34. Kf1 g6
35. Ke1 Rh7 36. Kd1 Qb8 37. Kc1 Rf7 38. Qh1 Qc8 39. Rh2 Be7 40. Rhd2 Bf8 41. Rb3
Rxb3 42. axb3 Rh7 43. Kc2 Be7 44. Qg2 Bf8 45. Rd1 Be7 46. Bc3 Bf8 47. Kb1 Be7
48. Be1 Bf8 49. Ka2 Be7 50. Qd2 Bf8 51. Qa5 Rf7 52. Qb6 Rh7 53. Ba5 Kf7 54. Qa7
Ke8 55. Bc7 d5 56. exd6 Bxd6 57. Rxd6 Rxc7 58. Qb6 Re7 59. Rc6 Qd7 60. Qxc5 Qd3
61. Qe5 Kf7 62. Qh8 Qd2 63. Rc5 Qb4 64. Re5 Rb7 65. Re3 Qa5+ 66. Kb1 Qb6 67. Rd3
Qb4 68. Qe5 a5 69. Rd6 Re7 70. Rd8 a4 71. bxa4 Qxc4 72. Rd4 Qb3 73. h5 gxh5 74.
Qh8 Rb7 75. Qxh5+ Kg7 76. Qh2 Qe3 77. Rd8 Qe4+ 78. Qc2 Qe1+ 79. Ka2 Ra7 80. Qc4
Qa5 81. Qd4+ Kf7 82. b3 Qc7 83. Qd2 Qc6 84. Rd4 Qf3 85. Rd3 Qc6 86. Qb2 Rc7 87.
Rd2 Qf3 88. Qh8 Rb7 89. Qh5+ Kg7 90. Rb2 Qxg3 91. Qe8 Qe3 92. Qc6 Ra7 93. Qc4
Rd7 94. Ka3 Qe1 95. Re2 Qa1+ 96. Ra2 Qe1 97. Qc8 Rd4 98. Qc5 Rd5 99. Qe7+ Kg6
100. Qg5+ Kf7 101. Qh5+ Kg7 102. Qg5+ Kf7 103. Qh5+ Kg7 104. Qh2 Qc1+ 105. Qb2+
Qxb2+ 106. Rxb2 e5 107. fxe5 Rxe5 1/2-1/2

[Event "39th TCh-GRE"]
[Site "Eretria GRE"]
[Date "2011.07.07"]
[Round "6.2"]
[White "Vatkali, Dimitra"]
[Black "Pasoglou, Ekaterini"]
[Result "1-0"]
[WhiteElo "1929"]
[BlackElo "1483"]
[WhiteTeam "CC Kavala"]
[BlackTeam "ES Thessaloniki"]
[WhiteFideId "4200705"]
[BlackFideId "4247663"]
[EventDate "2011.07.03"]

1. e4 d5 2. exd5 Qxd5 3. Nc3 Qa5 4. Bc4 Nf6 5. Nge2 Bf5 6. O-O e6 7. d3 c6 8.
Ng3 Bg6 9. Qe2 Bd6 10. Bd2 Qc7 11. Kh1 O-O 12. f4 h6 13. Nce4 Nbd7 14. Nxd6 Qxd6
15. Rae1 Rfe8 16. Qf3 a5 17. a3 Nb6 18. Ba2 Nbd5 19. Ne4 Nxe4 20. dxe4 Nf6 21.
Bc3 Qe7 22. h3 b5 23. f5 Bh7 24. fxe6 fxe6 25. Bxf6 gxf6 26. Qxf6 Qxf6 27. Rxf6
Kg7 28. Rf3 Rad8 29. Rc3 Rd6 30. e5 Rd2 31. Rxc6 Rxc2 32. Rxc2 Bxc2 33. Rc1 Bf5
34. Rc5 Rb8 35. b4 axb4 36. axb4 Ra8 37. Bb3 Ra3 38. Rc3 Bc2 39. Rc7+ Kg6 40.
Bxc2+ Kg5 41. Kh2 Ra2 42. Bb3 Rb2 43. Bxe6 1-0

[Event "39th TCh-GRE"]
[Site "Eretria GRE"]
[Date "2011.07.07"]
[Round "6.2"]
[White "Papathanasiou, Ageliki"]
[Black "Serefidou, Despina"]
[Result "1/2-1/2"]
[WhiteElo "1817"]
[BlackElo "1705"]
[WhiteTeam "ES Thessaloniki"]
[BlackTeam "CC Kavala"]
[WhiteFideId "4224728"]
[BlackFideId "4218787"]
[EventDate "2011.07.03"]

1. d4 d5 2. c4 e6 3. cxd5 exd5 4. Nc3 c6 5. Bf4 Bd6 6. Bxd6 Qxd6 7. Qc2 g6 8.
Nf3 Bf5 9. Qd2 Nf6 10. h3 Nbd7 11. Nh4 Be6 12. e3 Ne4 13. Qc2 Qe7 14. Nf3 Bf5
15. Bd3 Nd6 16. Bxf5 gxf5 17. O-O-O Nf6 18. Rhe1 O-O-O 19. Ne5 Kb8 20. Kb1 Nfe4
21. Na4 f6 22. Nd3 h5 23. Ndc5 h4 24. Rd3 Nc4 25. Ka1 b6 26. Nxe4 fxe4 27. Rb3
Na5 28. Ra3 Rhg8 29. Rb1 Rxg2 30. b4 Nc4 31. Rc3 b5 32. Nb2 Rh2 33. Nxc4 dxc4
34. a4 Rxh3 35. Qa2 Rf3 36. axb5 cxb5 37. Qa6 Qb7 38. Qe6 Rxf2 39. Rh1 Qb6 40.
Qxb6+ axb6 41. Rxh4 Rg8 42. Kb1 f5 43. Rh6 Rg1+ 44. Rc1 Rgg2 45. Rch1 Rb2+ 46.
Kc1 Rbc2+ 47. Kb1 Rb2+ 48. Kc1 Rbc2+ 1/2-1/2

[Event "39th TCh-GRE"]
[Site "Eretria GRE"]
[Date "2011.07.07"]
[Round "6.2"]
[White "Pavlidis, Antonios"]
[Black "Ballas, Kleon-Evangelos"]
[Result "1-0"]
[WhiteTitle "IM"]
[WhiteElo "2420"]
[BlackElo "1937"]
[WhiteTeam "CC Kavala"]
[BlackTeam "ES Thessaloniki"]
[WhiteFideId "4212312"]
[BlackFideId "4215311"]
[EventDate "2011.07.03"]

1. e4 c6 2. d4 d5 3. e5 Bf5 4. Nf3 e6 5. Be2 c5 6. Be3 Nc6 7. O-O cxd4 8. Nxd4
Nxd4 9. Bxd4 Ne7 10. c4 Nc6 11. Qa4 Bc2 12. b3 dxc4 13. Bf3 Qxd4 14. Bxc6+ bxc6
15. Qxc6+ Ke7 16. Qb7+ Kd8 17. Qxa8+ Kc7 18. Na3 Bxa3 19. Qxh8 Bb2 20. Rae1 c3
21. Qf8 Kb6 22. Qxf7 Qd5 23. Qf8 Bd3 24. Qb8+ Kc6 25. Qa8+ Kd7 26. Qxa7+ Kc8 27.
Rd1 c2 28. Qe3 Bxf1 29. Rxd5 1-0

[Event "39th TCh-GRE"]
[Site "Eretria GRE"]
[Date "2011.07.07"]
[Round "6.2"]
[White "Ballas, Athanasios-panagiotis"]
[Black "Tsolakidou, Stavroula"]
[Result "1-0"]
[WhiteElo "1753"]
[BlackElo "1803"]
[WhiteTeam "ES Thessaloniki"]
[BlackTeam "CC Kavala"]
[WhiteFideId "4224078"]
[BlackFideId "4264312"]
[EventDate "2011.07.03"]

1. e4 c5 2. Nf3 d6 3. d4 cxd4 4. Nxd4 Nf6 5. Nc3 a6 6. Bg5 Nbd7 7. Bc4 e6 8. Qe2
Qb6 9. O-O-O Be7 10. f4 O-O 11. Kb1 Qc7 12. Bxe6 fxe6 13. Nxe6 Qb6 14. Nxf8 Nxf8
15. e5 Bg4 16. Qc4+ Be6 17. Qa4 dxe5 18. fxe5 Bb4 19. exf6 Bxc3 20. Qa3 Bxf6 21.
Bxf6 gxf6 22. Qe7 Ng6 23. Rd6 Nxe7 24. Rxb6 Bd5 25. Rxf6 Rf8 26. Rxf8+ Kxf8 27.
Rf1+ Kg7 28. g3 Kg6 29. b3 Nf5 30. c4 Bc6 31. Kc1 Nd4 32. Rf2 Kg5 33. Kd2 Nf3+
34. Ke3 Ne5 35. h3 Bd7 36. Ke4 Ng6 37. Ke3 Ne5 38. Ke4 Ng6 39. g4 Kh4 40. Rf7
Bc6+ 41. Kf5 Kxh3 42. Rxh7+ Kg3 43. Kxg6 Be4+ 44. Kh6 Bxh7 45. Kxh7 Kxg4 46. Kg6
Kf4 47. Kf6 Ke4 48. Ke6 Kd4 49. Kd6 Kc3 50. Kc7 Kb2 51. Kxb7 a5 52. Ka6 Kxa2 53.
Kxa5 Kxb3 54. c5 1-0

[Event "39th TCh-GRE"]
[Site "Eretria GRE"]
[Date "2011.07.07"]
[Round "6.3"]
[White "Nielsen, Peter Heine"]
[Black "Kempinski, Robert"]
[Result "1-0"]
[WhiteTitle "GM"]
[BlackTitle "GM"]
[WhiteElo "2681"]
[BlackElo "2600"]
[WhiteTeam "AEK"]
[BlackTeam "E.O.A.O. Fysiolatris Nikaia"]
[WhiteFideId "1400355"]
[BlackFideId "1105663"]
[EventDate "2011.07.03"]

1. c4 Nf6 2. Nc3 d5 3. cxd5 Nxd5 4. Nf3 c5 5. d4 cxd4 6. Qxd4 Nxc3 7. Qxc3 Nc6
8. e4 Bg4 9. Bb5 Rc8 10. O-O a6 11. Ba4 b5 12. Rd1 Qc7 13. Bb3 e5 14. Bd5 Nd4
15. Qxc7 Rxc7 16. Be3 Bxf3 17. gxf3 Bc5 18. f4 Ke7 19. Bxd4 Bxd4 20. Rd2 Rhc8
21. Rad1 Rc1 22. Rxc1 Rxc1+ 23. Kg2 a5 24. fxe5 Bxe5 25. b3 Bf4 26. Rd3 Rc2 27.
a4 b4 28. Rf3 g5 29. Rh3 f6 30. Rxh7+ Kd6 31. Ra7 Be5 32. Ra6+ Kc7 33. Rxa5 Bd4
34. Rb5 Rxf2+ 35. Kg3 Rf1 36. h3 Bc3 37. a5 Ra1 38. Bc4 Kc6 39. Rd5 Be5+ 40. Kg4
Rg1+ 41. Kf5 Ra1 42. Ke6 Kc7 43. Rd7+ Kc6 44. a6 Kc5 45. Rb7 Kd4 46. Rxb4 1-0

[Event "39th TCh-GRE"]
[Site "Eretria GRE"]
[Date "2011.07.07"]
[Round "6.3"]
[White "Kapnisis, Spyridon"]
[Black "Kalesis, Nikolaos"]
[Result "1-0"]
[WhiteTitle "GM"]
[BlackTitle "IM"]
[WhiteElo "2529"]
[BlackElo "2480"]
[WhiteTeam "E.O.A.O. Fysiolatris Nikaia"]
[BlackTeam "AEK"]
[WhiteFideId "4203445"]
[BlackFideId "4200438"]
[EventDate "2011.07.03"]

1. e4 c5 2. Nf3 d6 3. d4 cxd4 4. Nxd4 Nf6 5. Nc3 g6 6. Be3 Bg7 7. f3 O-O 8. Qd2
Nc6 9. O-O-O Nxd4 10. Bxd4 Be6 11. Kb1 Re8 12. h4 Qa5 13. h5 Rac8 14. hxg6 fxg6
15. a3 a6 16. g4 b5 17. Qg5 Bf7 18. Nd5 Bxd5 19. exd5 b4 20. axb4 Qxb4 21. c3
Qb3 22. Bd3 Nxd5 23. Bxg6 e5 24. Bc2 Qb7 25. Be4 Rc5 26. Bxh7+ Kf8 27. Bxc5 dxc5
28. Qd2 Nf6 29. Bg6 Rb8 30. g5 1-0

[Event "39th TCh-GRE"]
[Site "Eretria GRE"]
[Date "2011.07.07"]
[Round "6.3"]
[White "Moutousis, Konstantinos"]
[Black "Georgiadis, Ioannis"]
[Result "0-1"]
[WhiteTitle "IM"]
[BlackTitle "IM"]
[WhiteElo "2431"]
[BlackElo "2464"]
[WhiteTeam "AEK"]
[BlackTeam "E.O.A.O. Fysiolatris Nikaia"]
[WhiteFideId "4200071"]
[BlackFideId "4208900"]
[EventDate "2011.07.03"]

1. Nf3 Nf6 2. c4 e6 3. g3 a6 4. Bg2 b5 5. b3 Bb7 6. O-O c5 7. Bb2 Be7 8. Na3 Qb6
9. d4 O-O 10. Qd3 Be4 11. Qe3 cxd4 12. Bxd4 Qb7 13. Bxf6 Bxf6 14. Rad1 d5 15.
cxd5 Bxd5 16. Nb1 Nd7 17. Ne1 Nb6 18. Bxd5 Nxd5 19. Qf3 Rac8 20. Nd3 Qb6 21. Rd2
h6 22. e3 Rc7 23. Rc1 Rxc1+ 24. Nxc1 Rc8 25. Nd3 a5 26. Qd1 Qc6 27. Ne1 b4 28.
Rc2 Nc3 29. Nxc3 bxc3 30. Qe2 Rd8 31. Nf3 Qe4 32. Ne1 a4 33. Qc4 Qxc4 34. bxc4
Rc8 35. Kf1 Rxc4 36. Ke2 Rc8 37. Nf3 Kf8 38. h4 Ke7 39. Kd3 Kd6 40. Nd4 Rc5 41.
Rxc3 Rxc3+ 42. Kxc3 Kc5 43. h5 e5 44. Nc2 e4+ 45. Kd2 Bb2 46. Ne1 Ba3 47. Nc2
Bb2 48. Ne1 Kd5 49. Kc2 Be5 50. g4 Bf6 51. Ng2 Kc4 52. Kd2 Bg5 53. Kc2 g6 54.
Kd2 gxh5 55. gxh5 Bf6 56. Kc2 Kd5 57. Kd2 Bg5 58. Ke2 Kc4 59. Kd2 Bd8 60. Kc2
Kd5 61. Kd2 Ke5 62. Ke2 Kf5 63. f3 Bc7 64. Ne1 exf3+ 65. Kxf3 Kg5 66. Nd3 Bd6
67. e4 Kxh5 68. e5 Ba3 69. e6 fxe6 70. Nf4+ Kg5 71. Nxe6+ Kf5 72. Nd4+ Ke5 73.
Ne2 Bb2 74. Ng3 Bc1 75. Ke2 Kf4 76. Nh5+ Kf5 77. Ng3+ Kf4 78. Nh5+ Ke5 79. Kd3
Bf4 80. Ke2 Kf5 81. Ng7+ Ke4 82. Ne6 Bd6 83. Nd8 h5 84. Ne6 Be7 85. Nc7 h4 86.
Nb5 Bf6 87. Nd6+ Kd4 88. Nb5+ Kc4 89. Na3+ Kc3 90. Nb5+ Kb2 91. a3 h3 92. Kf3
Be5 93. Kf2 Kb3 94. Kg1 Kc4 95. Kf1 0-1

[Event "39th TCh-GRE"]
[Site "Eretria GRE"]
[Date "2011.07.07"]
[Round "6.3"]
[White "Themeli, Dimitra"]
[Black "Cmilyte, Viktorija"]
[Result "0-1"]
[BlackTitle "GM"]
[WhiteElo "1684"]
[BlackElo "2528"]
[WhiteTeam "E.O.A.O. Fysiolatris Nikaia"]
[BlackTeam "AEK"]
[WhiteFideId "4227689"]
[BlackFideId "12801259"]
[EventDate "2011.07.03"]

1. d4 f5 2. f4 Nf6 3. Nf3 e6 4. e3 Be7 5. Bd3 b6 6. O-O Bb7 7. Nbd2 c5 8. c3 Qc7
9. Qb3 Nc6 10. Ne5 g6 11. Ndf3 Nd8 12. a4 d6 13. Nc4 d5 14. dxc5 dxc4 15. Bxc4
Bxc5 16. Bxe6 Nxe6 17. Qxe6+ Qe7 18. Qxe7+ Bxe7 19. b4 Ne4 20. Bb2 Bf6 21. Nd4
Nd2 22. Rfd1 Nc4 23. Bc1 Ke7 24. Kf2 Rac8 25. Ra2 Nd6 26. Bd2 Ne4+ 27. Ke2 Rxc3
28. Kf1 Rd3 29. a5 Nc3 0-1

[Event "39th TCh-GRE"]
[Site "Eretria GRE"]
[Date "2011.07.07"]
[Round "6.3"]
[White "Pahaki, Hristina-Despoina"]
[Black "Hristodoulaki, Antonia"]
[Result "1/2-1/2"]
[WhiteElo "1646"]
[BlackElo "1921"]
[WhiteTeam "AEK"]
[BlackTeam "E.O.A.O. Fysiolatris Nikaia"]
[WhiteFideId "4238621"]
[BlackFideId "4214935"]
[EventDate "2011.07.03"]

1. e4 c5 2. Nc3 a6 3. f4 b5 4. Nf3 Bb7 5. d3 Nc6 6. Be2 Nd4 7. Be3 Nxe2 8. Qxe2
Rc8 9. Qf2 e6 10. O-O Nf6 11. f5 Ng4 12. Qe2 Nxe3 13. Qxe3 Be7 14. fxe6 dxe6 15.
e5 Qd7 16. Kh1 O-O 17. Ne4 Bxe4 18. Qxe4 Qd5 19. Qg4 f5 20. Qg3 Bd8 21. a4 b4
22. b3 Bc7 23. Rae1 Rf6 24. Nd2 Rg6 25. Qf3 Rd8 26. Nc4 Rh6 27. Qg3 Rg6 28. Qf3
Qxf3 29. Rxf3 Rd5 30. Rf4 Kf7 31. Rh4 h6 32. Kg1 Ke7 33. h3 Kd7 34. Kf2 Rg5 35.
Rf4 Kc6 36. h4 Rg6 37. Re2 Rd4 38. Rxd4 cxd4 39. Kf3 Rg4 40. g3 h5 41. Re1 Kd5
42. Re2 Bd8 43. Nd6 Be7 44. Nc4 Bd8 45. Nd6 g5 46. Nf7 gxh4 47. Nxd8 Rxg3+ 48.
Kf4 Rg4+ 49. Kf3 Rg7 50. Rg2 Rd7 51. Rg8 Rc7 52. Re8 Rxc2 53. Rxe6 Rc7 54. Kg2
f4 55. Kh3 f3 56. Rf6 f2 57. Rxf2 Kxe5 58. Nf7+ Kd5 59. Kxh4 Rc3 60. Rb2 Rxd3
61. Kxh5 Rc3 62. Nh6 d3 63. Nf5 Ke4 64. Ng3+ Kd4 65. Nf5+ Ke4 66. Nd6+ Kd4 67.
Nf5+ Ke4 68. Ng3+ Kd4 69. Nf5+ 1/2-1/2

[Event "39th TCh-GRE"]
[Site "Eretria GRE"]
[Date "2011.07.07"]
[Round "6.3"]
[White "Kosmas-Lekkas, Dimitiros"]
[Black "Kaforos, Dimitrios-Alkis"]
[Result "0-1"]
[WhiteElo "2193"]
[BlackElo "2193"]
[WhiteTeam "AEK"]
[BlackTeam "E.O.A.O. Fysiolatris Nikaia"]
[WhiteFideId "4211936"]
[BlackFideId "4214358"]
[EventDate "2011.07.03"]

1. d4 Nf6 2. c4 e6 3. Nc3 Bb4 4. Qc2 d5 5. cxd5 exd5 6. Bg5 c5 7. a3 Bxc3+ 8.
bxc3 Nbd7 9. f3 O-O 10. Bd2 cxd4 11. cxd4 Nb6 12. e3 Bd7 13. Ba5 Re8 14. Qd2 Qe7
15. Kf2 Rac8 16. Bxb6 Rc2 17. Qxc2 Qxe3+ 18. Kg3 Ne4+ 19. Qxe4 Rxe4 20. h3 axb6
21. Ne2 Re6 22. Rb1 Rg6+ 23. Kh2 Bxh3 0-1

[Event "39th TCh-GRE"]
[Site "Eretria GRE"]
[Date "2011.07.07"]
[Round "6.4"]
[White "Atalik, Suat"]
[Black "Rapport, Richard"]
[Result "1/2-1/2"]
[WhiteTitle "GM"]
[BlackTitle "GM"]
[WhiteElo "2619"]
[BlackElo "2545"]
[WhiteTeam "Chess Academy Thes. Galaxias"]
[BlackTeam "Panionios G.S.S. 2210"]
[WhiteFideId "14401487"]
[BlackFideId "738590"]
[EventDate "2011.07.03"]

1. d4 Nf6 2. c4 g6 3. Nc3 Bg7 4. e4 d6 5. Nf3 O-O 6. Be2 e5 7. O-O Nc6 8. d5 Ne7
9. Ne1 Nd7 10. f3 f5 11. Bg5 f4 12. Nd3 Bf6 13. Bxf6 Nxf6 14. c5 g5 15. cxd6
cxd6 16. Nf2 h5 17. a4 Rf7 18. a5 Rg7 19. g4 fxg3 20. hxg3 g4 21. fxg4 h4 22.
gxh4 Ng6 23. g5 Nh7 24. Ng4 Bxg4 25. Bxg4 Nxh4 26. Kf2 Qxg5 27. Be6+ Kh8 28. Ke2
Ng2 29. Kd3 Ne3 30. Qf3 Nxf1 31. Rxf1 a6 32. Nd1 Rf8 33. Qxf8+ Nxf8 34. Rxf8+
Kh7 35. Bf5+ Rg6 36. Rf7+ Kh8 37. Bxg6 Qg3+ 38. Ne3 Qxg6 39. Rxb7 Qg1 40. Rc7
Qb1+ 41. Rc2 Qa1 42. Nc4 Qf1+ 43. Kd2 Qf2+ 44. Kd1 Qf3+ 45. Re2 Qd3+ 46. Nd2 Qb5
47. b3 Qxa5 48. Re3 Qc5 49. Ke2 a5 50. Rf3 Qb5+ 1/2-1/2

[Event "39th TCh-GRE"]
[Site "Eretria GRE"]
[Date "2011.07.07"]
[Round "6.4"]
[White "Prohaszka, Peter2"]
[Black "Mladenov, Plamen"]
[Result "1-0"]
[WhiteTitle "GM"]
[BlackTitle "IM"]
[WhiteElo "2547"]
[BlackElo "2391"]
[WhiteTeam "Panionios G.S.S. 2210"]
[BlackTeam "Chess Academy Thes. Galaxias"]
[WhiteFideId "726265"]
[BlackFideId "2906198"]
[EventDate "2011.07.03"]

1. d4 Nf6 2. c4 e6 3. g3 d5 4. Nf3 Bb4+ 5. Bd2 Be7 6. Bg2 O-O 7. O-O c6 8. Bf4
b6 9. Nc3 Ba6 10. cxd5 cxd5 11. Rc1 Bb7 12. Ne5 Nbd7 13. Nd3 Nb8 14. Ne5 Nbd7
15. Nb5 Nxe5 16. dxe5 Nd7 17. h4 a6 18. Nd6 Qb8 19. e4 Bxd6 20. exd6 e5 21. Rc7
exf4 22. Rxd7 dxe4 23. gxf4 Ra7 24. Qd4 Bc6 25. Rxa7 Qxa7 26. Rc1 Qb7 27. f5 Rd8
28. f6 b5 29. Qc5 Bd5 30. Rd1 e3 31. fxe3 Be4 32. Qg5 1-0

[Event "39th TCh-GRE"]
[Site "Eretria GRE"]
[Date "2011.07.07"]
[Round "6.4"]
[White "Galopoulos, Nikolaos"]
[Black "Kofidis, Andreas"]
[Result "0-1"]
[BlackTitle "IM"]
[WhiteElo "2327"]
[BlackElo "2415"]
[WhiteTeam "Chess Academy Thes. Galaxias"]
[BlackTeam "Panionios G.S.S. 2210"]
[WhiteFideId "4208951"]
[BlackFideId "4200217"]
[EventDate "2011.07.03"]

1. d4 d5 2. c4 dxc4 3. Nf3 Nf6 4. e3 e6 5. Bxc4 a6 6. O-O c5 7. Qe2 cxd4 8. exd4
Be7 9. Nc3 Nc6 10. Rd1 Nb4 11. Bg5 O-O 12. Rac1 b5 13. Bb3 Bb7 14. a4 Rc8 15.
axb5 axb5 16. Ne5 Kh8 17. Qxb5 Ba8 18. Qe2 h6 19. Bd2 Rb8 20. Bc4 Nbd5 21. b3
Nxc3 22. Bxc3 Nd5 23. Qh5 Bg5 24. Nxf7+ Rxf7 25. Qxf7 Bxc1 26. Rxc1 Qg5 27. Rc2
Nxc3 28. Bf1 Nd5 29. Qxe6 Bb7 30. g3 Rd8 31. Rc5 Qf6 32. Qe4 Qf7 33. Rb5 Ba8 34.
Bd3 Nf6 35. Qf4 Qa7 36. Rc5 Qb7 37. d5 Qxb3 38. Bc2 Qa3 39. Qd4 Bxd5 40. Rc3 Re8
41. Qd2 Qa1+ 42. Bd1 Ne4 0-1

[Event "39th TCh-GRE"]
[Site "Eretria GRE"]
[Date "2011.07.07"]
[Round "6.4"]
[White "Stoumbou, Eleni"]
[Black "Grapsa, Georgia"]
[Result "1/2-1/2"]
[WhiteElo "1873"]
[BlackElo "2057"]
[WhiteTeam "Panionios G.S.S. 2210"]
[BlackTeam "Chess Academy Thes. Galaxias"]
[WhiteFideId "4210174"]
[BlackFideId "4206436"]
[EventDate "2011.07.03"]

1. e4 c6 2. c4 d5 3. exd5 cxd5 4. cxd5 Nf6 5. Qa4+ Nbd7 6. Nc3 g6 7. Nf3 Bg7 8.
Bb5 O-O 9. Bxd7 Nxd7 10. O-O Nb6 11. Qh4 Nxd5 12. Nxd5 Qxd5 13. Qxe7 Bg4 14. Qa3
Rfe8 15. d4 Bxf3 16. Qxf3 Qxf3 17. gxf3 Bxd4 18. Rd1 Rad8 19. Bh6 f6 20. Rac1
Kf7 21. Rc7+ Re7 22. Rxe7+ Kxe7 23. Re1+ Kf7 24. Be3 Bxe3 25. Rxe3 Rd2 26. Rb3
b6 27. Ra3 Rxb2 28. Rxa7+ Ke6 29. a4 h5 30. a5 bxa5 31. Rxa5 Rd2 32. Kg2 Rd5 33.
Ra6+ Kf5 34. Kg3 Rc5 35. Rb6 g5 36. Rb4 h4+ 37. Kg2 Kg6 38. Rb6 Rf5 39. Rb3 Rf4
40. Rb6 Rc4 41. Ra6 Kf5 42. h3 Kg6 43. Rb6 Rf4 44. Ra6 Kh5 45. Ra5 Kg6 46. Ra6
Rf5 47. Rb6 Rd5 48. Ra6 Kf5 49. Rb6 Ke5 50. Ra6 f5 51. Ra4 Rd4 52. Ra5+ Kf4 53.
Ra8 1/2-1/2

[Event "39th TCh-GRE"]
[Site "Eretria GRE"]
[Date "2011.07.07"]
[Round "6.4"]
[White "Mitrou, Vasiliki"]
[Black "Terzidaki, Alexandra"]
[Result "0-1"]
[WhiteElo "1766"]
[BlackElo "1938"]
[WhiteTeam "Chess Academy Thes. Galaxias"]
[BlackTeam "Panionios G.S.S. 2210"]
[WhiteFideId "4218566"]
[BlackFideId "4227476"]
[EventDate "2011.07.03"]

1. e4 e6 2. d4 d5 3. exd5 exd5 4. Bd3 c5 5. Qe2+ Be7 6. dxc5 Nf6 7. h3 O-O 8.
Nf3 Bxc5 9. O-O Nc6 10. c3 Re8 11. Qc2 Ne4 12. Nbd2 Bf5 13. Nb3 Bd6 14. Re1 Rc8
15. Qd1 Bb8 16. Nbd4 Bg6 17. Be3 Bh5 18. g4 Bg6 19. Kg2 h5 20. Rh1 Qd7 21. Nh4
Bh7 22. Nhf5 a6 23. f4 Nc5 24. Nxc6 Rxc6 25. Bxc5 Rxc5 26. Qf3 d4 27. Rae1 dxc3
28. Rxe8+ Qxe8 29. bxc3 Rxc3 30. Ne7+ Kh8 31. Re1 Qd8 32. Re3 Rxd3 33. f5 Rd2+
34. Re2 Qd6 35. Rxd2 Qxd2+ 36. Kf1 Qc1+ 37. Kg2 Qb2+ 38. Kf1 Qb1+ 39. Kg2 Qxa2+
40. Kf1 Qc4+ 41. Kg2 Qc7 0-1

[Event "39th TCh-GRE"]
[Site "Eretria GRE"]
[Date "2011.07.07"]
[Round "6.4"]
[White "Poulopoulou, Ekaterini"]
[Black "Papathanasiou, Elisavet"]
[Result "0-1"]
[WhiteElo "1450"]
[BlackElo "1884"]
[WhiteTeam "Panionios G.S.S. 2210"]
[BlackTeam "Chess Academy Thes. Galaxias"]
[WhiteFideId "4244206"]
[BlackFideId "4222687"]
[EventDate "2011.07.03"]

1. e4 c5 2. Nc3 Nc6 3. d3 e6 4. Nge2 d5 5. exd5 exd5 6. g3 Nf6 7. Bg2 Be7 8. O-O
O-O 9. Bg5 d4 10. Bxf6 Bxf6 11. Nd5 Be5 12. Ndf4 Bg4 13. Qd2 Qf6 14. h3 Bd7 15.
Nd5 Qd8 16. Rfe1 Bxh3 17. Bxh3 Qxd5 18. Bg2 Qd7 19. Nf4 Bd6 20. Re2 Rfe8 21.
Rae1 Rxe2 22. Rxe2 Qg4 23. Nd5 Ne5 24. Re4 Nf3+ 25. Bxf3 Qxf3 26. Qe1 h6 27.
Ne7+ Kh7 28. Qe2 Qxe2 29. Rxe2 Re8 0-1

[Event "39th TCh-GRE"]
[Site "Eretria GRE"]
[Date "2011.07.07"]
[Round "6.4"]
[White "Galopoulos, Panagiotis"]
[Black "Tsokopoulos, Dedalos"]
[Result "1-0"]
[WhiteTitle "FM"]
[WhiteElo "2090"]
[BlackElo "1992"]
[WhiteTeam "Chess Academy Thes. Galaxias"]
[BlackTeam "Panionios G.S.S. 2210"]
[WhiteFideId "4214200"]
[BlackFideId "4211944"]
[EventDate "2011.07.03"]

1. d4 d5 2. c4 e6 3. Nc3 Nf6 4. cxd5 exd5 5. Bg5 Nbd7 6. e3 c6 7. Bd3 Be7 8. Qc2
O-O 9. Nf3 Re8 10. O-O Nf8 11. h3 Ng6 12. Ne5 Ne4 13. Bxe7 Qxe7 14. Nxe4 dxe4
15. Bxe4 Nxe5 16. dxe5 Qxe5 17. Bxh7+ Kh8 18. Bd3 Qg5 19. f4 Qh4 20. Qf2 Qe7 21.
Rae1 Be6 22. b3 Rad8 23. Bb1 g6 24. e4 Qf6 25. Qxa7 Rd2 26. Qe3 Qb2 27. Rf2 Red8
28. f5 gxf5 29. exf5 Rxf2 30. Qh6+ Kg8 31. Qg5+ 1-0

[Event "39th TCh-GRE"]
[Site "Eretria GRE"]
[Date "2011.07.07"]
[Round "6.4"]
[White "Alexiou-Karakasidis, Stavros"]
[Black "Vasiliadis, Antony"]
[Result "1-0"]
[WhiteElo "1422"]
[BlackElo "1634"]
[WhiteTeam "Panionios G.S.S. 2210"]
[BlackTeam "Chess Academy Thes. Galaxias"]
[WhiteFideId "4255046"]
[BlackFideId "2917513"]
[EventDate "2011.07.03"]

1. e4 e5 2. Nf3 Nf6 3. Nxe5 d6 4. Nf3 Nxe4 5. Nc3 Nxc3 6. dxc3 Be7 7. Be3 Be6 8.
Qd2 c6 9. Nd4 Qd7 10. Bd3 Bd5 11. f3 Bf6 12. O-O b5 13. Bf5 Qb7 14. Bf4 Be5 15.
Bxe5 dxe5 16. Rfe1 f6 17. f4 O-O 18. fxe5 fxe5 19. Rxe5 Na6 20. Qg5 Rae8 21.
Rae1 Qf7 22. Re7 Rxe7 23. Rxe7 Qf6 24. Qxf6 Rxf6 25. Be6+ Bxe6 26. Nxe6 Rg6 27.
Rxa7 Rxe6 28. Rxa6 Re2 29. Rxc6 Rxc2 30. b4 Rxa2 31. Rb6 Rc2 32. Rxb5 Rxc3 33.
Rb8+ Kf7 34. b5 Rc2 35. b6 Rb2 36. b7 Ke7 37. Rg8 1-0

[Event "39th TCh-GRE"]
[Site "Eretria GRE"]
[Date "2011.07.07"]
[Round "6.5"]
[White "Ragger, Markus"]
[Black "Kritz, Leonid"]
[Result "1/2-1/2"]
[WhiteTitle "GM"]
[BlackTitle "GM"]
[WhiteElo "2651"]
[BlackElo "2615"]
[WhiteTeam "HRC Korydallos"]
[BlackTeam "Heraklion CC"]
[WhiteFideId "1610856"]
[BlackFideId "4653530"]
[EventDate "2011.07.03"]

1. d4 e6 2. c4 f5 3. Nf3 Nf6 4. g3 d5 5. Bg2 c6 6. O-O Bd6 7. Nc3 O-O 8. Rb1 Qe7
9. Bf4 Bxf4 10. gxf4 b6 11. Ne5 Bb7 12. cxd5 cxd5 13. Rc1 Nbd7 14. Qb3 Nxe5 15.
dxe5 Ne4 16. Qa4 Nc5 17. Qd4 Rad8 18. b4 Na6 19. Nb5 Qxb4 20. Qxb4 Nxb4 21. Rc7
Ba6 22. Nd4 Rf7 23. Nxe6 Rxc7 24. Nxc7 Bxe2 25. Rb1 Rd7 26. Rxb4 Rxc7 27. Bxd5+
Kf8 28. Kg2 b5 29. Be6 g6 30. Rd4 Bc4 31. Rd6 Rc5 32. Kf3 Bxe6 33. Rxe6 Rc3+ 34.
Ke2 Rc2+ 35. Ke3 Rxa2 36. Rc6 b4 37. Rc7 a5 38. Rb7 Ra4 39. f3 h6 40. h4 h5 41.
Kd4 b3+ 42. Ke3 Ra3 43. Kd4 Ra4+ 1/2-1/2